| 000 | 01237nac a22002891i 4500 | ||
|---|---|---|---|
| 003 | EG-ScBUE | ||
| 005 | 20240116143816.0 | ||
| 008 | 121120s1999 ua af b 000 0 ara d | ||
| 017 | _a99110030 | ||
| 040 |
_aEG-ScBUE _bara _erda _cEG-ScBUE _dEG-ScBUE |
||
| 043 | _af-ua--- | ||
| 082 | 0 | 4 |
_a962.02 _bق ا س _222 |
| 100 | 1 |
_aقاسم، قاسم عبده، _d1942- _eمؤلف. |
|
| 245 | 1 | 0 |
_aعصر سلاطين المماليك : _bالتاريخ السياسي والاجتماعي / _cتأليف دكتور قاسم عبده قاسم. |
| 250 | _aالطبعة الثانية. | ||
| 264 | 1 |
_aالقاهرة : _bمطبوعات الهيئة لقصور الثقافة، _c1999. |
|
| 300 |
_a390 صفحة ؛ _c24 سم. |
||
| 336 |
_2rdacontent _aنص _btxt |
||
| 337 |
_aبدون وسيط _2rdamedia _bn |
||
| 338 |
_aمجلد _bnc _2rdacarrier |
||
| 490 | 0 | _aمطبوعات الهيئة العامة لقصور الثقافة | |
| 504 | _aيشتمل على إرجاعات ببليوجرافية. | ||
| 651 | 7 |
_aمصر _xتاريخ _yعصر المماليك (1250-1517 م.). _2BUEsh |
|
| 651 | 7 |
_aمصر _xأحوال اجتماعية _yعصر المماليك (1250-1517). _2BUEsh |
|
| 655 | _vReading book | ||
| 942 |
_cBB _2ddc |
||
| 999 |
_c6674 _d6674 |
||